| 000 -LEADER |
| fixed length control field |
01209nam a22003377a 4500 |
| 001 - CONTROL NUMBER |
| control field |
2823539 |
| 003 - CONTROL NUMBER IDENTIFIER |
| control field |
OSt |
| 005 - DATE AND TIME OF LATEST TRANSACTION |
| control field |
20210426122514.0 |
| 008 - FIXED-LENGTH DATA ELEMENTS--GENERAL INFORMATION |
| fixed length control field |
830624s1982 nyua 001 0aeng |
| 010 ## - LIBRARY OF CONGRESS CONTROL NUMBER |
| LC control number |
83013927 |
| 020 ## - INTERNATIONAL STANDARD BOOK NUMBER |
| International Standard Book Number |
0312077165 |
| 040 ## - CATALOGING SOURCE |
| Original cataloging agency |
DLC |
| Transcribing agency |
DLC |
| Modifying agency |
DLC |
| Language of cataloging |
eng |
| 041 ## - LANGUAGE CODE |
| Language code of text/sound track or separate title |
eng |
| 043 ## - GEOGRAPHIC AREA CODE |
| Geographic area code |
e-uk-en |
| 050 00 - LIBRARY OF CONGRESS CALL NUMBER |
| Classification number |
SF613.H44 |
| Item number |
A287 1982 |
| 080 ## - UNIVERSAL DECIMAL CLASSIFICATION NUMBER |
| Universal Decimal Classification number |
821.111 |
| Item number |
H-58 |
| 082 00 - DEWEY DECIMAL CLASSIFICATION NUMBER |
| Classification number |
636.089/092/4 |
| -- |
B |
| Edition number |
19 |
| 100 1# - MAIN ENTRY--PERSONAL NAME |
| Personal name |
Herriot, James. |
| 240 10 - UNIFORM TITLE |
| Uniform title |
Works. |
| Form subheading |
Selections. |
| Date of a work |
1982 |
| 245 14 - TITLE STATEMENT |
| Title |
The best of James Herriot : |
| Remainder of title |
favourite memories of a country vet : James Herriot's own selection from his original books, with additional material by Reader's digest editors. |
| Statement of responsibility, etc. |
/ by: St. Martin's Press |
| 260 ## - PUBLICATION, DISTRIBUTION, ETC. |
| Place of publication, distribution, etc. |
New York |
| Name of publisher, distributor, etc. |
St. Martin's Press |
| Place of publication, distribution, etc. |
Pleasantville, N.Y. |
| Name of publisher, distributor, etc. |
Reader's Digest Association, |
| Date of publication, distribution, etc. |
c1982. |
| 300 ## - PHYSICAL DESCRIPTION |
| Extent |
502 p. |
| Other physical details |
ill. (some col.) |
| Dimensions |
27 cm. |
| 365 ## - TRADE PRICE |
| Price amount |
19.95 usd |
| 500 ## - GENERAL NOTE |
| General note |
Includes index. |
| 600 10 - SUBJECT ADDED ENTRY--PERSONAL NAME |
| Personal name |
Herriot, James. |
| 650 #0 - SUBJECT ADDED ENTRY--TOPICAL TERM |
| Topical term or geographic name entry element |
Veterinarians |
| Geographic subdivision |
England |
| -- |
Yorkshire |
| General subdivision |
Biography. |
| 650 #0 - SUBJECT ADDED ENTRY--TOPICAL TERM |
| Topical term or geographic name entry element |
English literature |
| 9 (RLIN) |
247 |
| 653 ## - INDEX TERM--UNCONTROLLED |
| Uncontrolled term |
ინგლისური ლიტერატურა |
| 906 ## - LOCAL DATA ELEMENT F, LDF (RLIN) |
| a |
7 |
| b |
cbc |
| c |
orignew |
| d |
1 |
| e |
ocip |
| f |
19 |
| g |
y-gencatlg |
| 942 ## - ADDED ENTRY ELEMENTS (KOHA) |
| Source of classification or shelving scheme |
|
| Koha item type |
Books |